| 000 | 00797nam a22002057a 4500 | ||
|---|---|---|---|
| 005 | 20240530110552.0 | ||
| 008 | 160725s2014 ua a f b 000 0 ara d | ||
| 017 |
_a2013/22237 _bمصر . دار الكتب المصرية |
||
| 020 | _a9789774115133 | ||
| 040 | _aEG-CaGPL | ||
| 082 | 0 | 4 |
_221 _a301\ _bا م |
| 100 | 0 | _aالسيد على شتا | |
| 245 | 1 | 0 |
_aمدخل علم الاجتماع التجريبى و الظاهرية التجريبية المعاصرة / _cالسيد على شتا |
| 250 | _aط. 1 | ||
| 260 |
_aالقاهرة : _bالمكتبة العصرية للنشر و التوزيع ، _c2014 . |
||
| 300 |
_a419 ص. : _bايض ؛ _c24 سم . |
||
| 504 | _aيشتمل على ارجاعات ببليوجرافية | ||
| 650 | 0 | 4 |
_aالاجتماع _xعلم |
| 942 |
_2ddc _cBK |
||
| 999 |
_c62482 _d62482 |
||